Pixies: Albums by Cover - Statistics

General Stats
  • This quiz has been taken 22 times
  • The average score is 5 of 9
Answer Stats
Picture Hint Answer % Correct
1989 Doolittle
100%
1988 Surfer Rosa
95%
1991 Trompe le Monde
80%
1990 Bossanova
75%
2014 Indie Cindy
50%
2016 Head Carrier
45%
2024 The Night the Zombies Came
35%
2022 Doggerel
30%
2019 Beneath the Eyrie
20%
No matching quizzes found
Score Distribution
Percent of People with Each Score
Percentile by Number Answered
Your Score History
You have not taken this quiz